000 00659nam a2200217Ia 4500
003 OSt
005 20260117112608.0
008 210716s2003 xx 000 0 und d
040 _cAIMIT LIBRARY
041 _aeng
082 _a006.6
_21
_bSWAN
100 _aSwamy, N Shivakumar.
_9251613
245 _aComputer graphics /
_cBy N Shivakumar Swamy.
250 _a1st ed.
260 _aBangalore :
_bShiva Publishing Ltd ,
_c2003.
300 _a294p. ;
_bPB
_c24.6 cm
650 _aRaster graphics algorithms
_9251614
650 _aGeometrical transformation
_9251615
650 _aVisible surface determination
_9251616
942 _2ddc
_cBK
_e1st
_k006.6 SWAN
999 _c186303
_d186303